000 00844nam a2200265Ia 4500
003 OSt
005 20220918165228.0
006 a|||||r|||| 00| 0
007 ta
008 220917b |||||||| |||| 00| 0 eng d
020 _a1841690732 (pbk)
_c3016.40
024 _a234,666
037 _b2978, 28/02/2008, Bharat Scientific Syndicate
_cTextual
040 _aARTS
_cARTS
_beng
041 _2eng
_aeng
082 _aS8, P5
100 _aAbrams Dominic Ed.
_923313
245 0 _aSocial psychology fo inclusion and exclusion
260 _aNew York
_bPsychology Press USA
_c2005
300 _axviii,355p.
_ccm.
650 _aPSYCHOLOGY
700 _a Hogg Michael A. Ed.
_923314
942 _hS8, P5
_cTEXL
_2CC
999 _c128866
_d128866